Inovácie v marketingových činnostiach vybranej firmy za účelom zvýšenia predaja diplomová práca

Gespeichert in:
Bibliographische Detailangaben
1. Verfasser: Lukeš, Tomáš
Körperschaft: Obchodná fakulta EU. Katedra marketingu
Weitere Verfasser: Žák, Štefan, 1971-
Format: Buch
Sprache:Slowakisch
Veröffentlicht: Bratislava 2009
Tags: Tag hinzufügen
Keine Tags, Fügen Sie das erste Tag hinzu!

MARC

LEADER 00000nam$a2200000$$$4500
001 0097983
005 20240527135736.3
041 0 |a slo 
044 |a SK 
245 1 0 |a Inovácie v marketingových činnostiach vybranej firmy za účelom zvýšenia predaja  |b diplomová práca  |c Tomáš Lukeš ; škol. Štefan Žák 
264 1 |a Bratislava  |c 2009 
300 |a 83 s. 
100 1 |a Lukeš, Tomáš 
700 1 |a Žák, Štefan, 1971- 
710 2 |a Obchodná fakulta EU. Katedra marketingu